Bilecik Bilecik Bilecik Bilecik Bilecik

Padişah türbeleri/ (Record no. 42887)

MARC details
000 -BAŞLIK
Sabit Uzunluktaki Kontrol Alanı 01155nam a22003617a 4500
001 - KONTROL NUMARASI
Control Dosyası 0043065
003 - KONTROL NUMARASI KİMLİĞİ
Kontrol Alanı KOHA_MİRAKIL
005 - EN SON İŞLEM TARİHİ ve ZAMANI
Kontrol Alanı 20260207003334.0
007 - FİZİKSEL TANIM SABİT ALAN - GENEL BİLGİ
Sabit uzunluklu kontrol alanı ta
008 - SABİT UZUNLUKTAKİ VERİ ÖGELERİ - GENEL BİLGİ
Sabit Alan 130730b2009 tu a|||gr||||#||||0|tur |
020 ## - ISBN - ULUSLARARASI STANDART KİTAP NUMARASI
Isbn 9789756444719
020 ## - ISBN - ULUSLARARASI STANDART KİTAP NUMARASI
Isbn 9756444711
040 ## - KATALOGLAMA KAYNAĞI
Özgün Kataloglama Kurumu TR-BiSEU
Kataloglama Dili tur
Çeviri Kurumu TR-BiSEU
Açıklama Kuralları rda
041 0# - DİL KODU
Metin ya da ses kaydının dil kodu tur
044 ## - YAYINLAYAN/ÜRETEN KURULUŞUN ÜLKE KODU
ISO country code tu
050 ## - SINIFLAMA ve YER NUMARASI
Sınıflama Numarası NA6177
Yer Numarası .Y85 2009
100 1# - KİŞİ ADI
Yazar Adı (Kişi adı) Yüksel, İ. Aydın.
245 1# - ESER ADI BİLDİRİMİ
Başlık Padişah türbeleri/
Sorumluluk Bildirimi İ. Aydın Yüksel ; İ. Aydın Yüksel'in metinleri, Bülent Çetinor'un resimleri.
264 #1 - ÜRERİM, YAYIN, DAĞITIM ve TELİF BİLDİRİMİ
Yayın yeri İstanbul :
Yayınlayan Kubbealtı
Yayın tarihi 2009
300 ## - FİZİKSEL TANIMLAMA
Sayfa, Cilt vb. 119 sayfa :
Diğer fiziki detaylar resimli ;
Boyutları 32 cm.
336 ## - İÇERİK TÜRÜ
Content type term metin
Content type code txt
Source rdacontent
337 ## - MEDYA TÜRÜ
Media type term aracısız
Media type code n
Source rdamedia
338 ## - TAŞIYICI TÜRÜ
Carrier type term cilt
Carrier type code nc
Source rdacarrier
490 1# - DİZİ BİLDİRİMİ
Dizi Bildirimi Kubbealtı Neşriyâti ;
Cilt Numarası 153.
650 #0 - KONU BAŞLIĞI EK GİRİŞ - KONU TERİMİ
Konusal terim veya coğrafi ad Padişahlar--Mezarlar--Türkiye.
9 (RLIN) 80137
650 #0 - KONU BAŞLIĞI EK GİRİŞ - KONU TERİMİ
Konusal terim veya coğrafi ad Sultans--Tombs--Turkey.
9 (RLIN) 80138
650 #0 - KONU BAŞLIĞI EK GİRİŞ - KONU TERİMİ
Konusal terim veya coğrafi ad Türbeler--Türkiye.
9 (RLIN) 71436
650 #0 - KONU BAŞLIĞI EK GİRİŞ - KONU TERİMİ
Konusal terim veya coğrafi ad Mausoleums--Turkey.
9 (RLIN) 33914
650 #0 - KONU BAŞLIĞI EK GİRİŞ - KONU TERİMİ
Konusal terim veya coğrafi ad Mimari, Osmanlı.
9 (RLIN) 15281
650 #0 - KONU BAŞLIĞI EK GİRİŞ - KONU TERİMİ
Konusal terim veya coğrafi ad Architecture, Ottoman.
9 (RLIN) 14370
830 1# - SERİ EK GİRİŞİ - TEKBİÇİM ESER ADI
Tekbiçim Başlık Kubbealtı Neşriyâti ;
Volume number/sequential designation 153.
9 (RLIN) 80139
942 ## - EK GİRİŞ ÖGELERİ (KOHA)
Source of classification or shelving scheme Library of Congress Classification
Koha item type Book
Holdings
Materyal Türü Kalıcı Konum Mevcut Konum Raf Yeri Sınıflandırma Kaynağı Edinim Bilgisi Ana Konular Alt Konular Yer Numarası Demirbaş Numarası Fatura Tarihi Maliyet, Alış Fiyatı Maliyet, Yenileme Fiyatı Geri Çekilme Durumu Kayıp Durumu Hasarlı Durumu Kredi için değil Kayıt Tarih Toplam Ödünçverme Son Görülme Tarihi Son Kontrol Tarihi Satın Alma Notu
Book Prof. Dr. Azmi Özcan Kütüphanesi Prof. Dr. Azmi Özcan Kütüphanesi Uluğbey Salonu Library of Congress Classification Satın GÜZEL SANATLAR Mimarlık NA6177 .Y85 2009 0043065 24/09/2013 41.86 41.86         30/07/2013   05/12/2024 05/12/2024 73291-73383 (92 sayfa)